Central Library OPAC University of Rajshahi

The Archaeologist at work : (Record no. 69090)

MARC details
000 -LEADER
fixed length control field 00667nam a2200217 a 4500
001 - CONTROL NUMBER
control field 69090
003 - CONTROL NUMBER IDENTIFIER
rucl marc code BD-RjUL
005 - DATE AND TIME OF LATEST TRANSACTION
control field 20211209081840.0
008 - FIXED-LENGTH DATA ELEMENTS--GENERAL INFORMATION
fixed length control field 170409b1959 nyu||||| |||| 00| 0 eng d
035 ## - SYSTEM CONTROL NUMBER
System control number (BD-RjUL)
040 ## - CATALOGING SOURCE
Original cataloging agency BD-RjUL
Language of cataloging eng
Transcribing agency BD-RjUL
041 ## - LANGUAGE CODE
Language code of text/sound track or separate title eng
082 ## - DEWEY DECIMAL CLASSIFICATION NUMBER
Edition number 23
Classification number 913
Author mark and year HEA 1959
100 ## - MAIN ENTRY--PERSONAL NAME
Personal name Heizer, Robert F.
9 (RLIN) 204674
245 ## - TITLE STATEMENT
Title The Archaeologist at work :
Remainder of title a source book in archaeological method and interpretation /
Statement of responsibility, etc. Robert F Heizer
260 ## - PUBLICATION, DISTRIBUTION, ETC. (IMPRINT)
Place of publication, distribution, etc. New York :
Name of publisher, distributor, etc. Harper & Row,
Date of publication, distribution, etc. ©1959.
300 ## - PHYSICAL DESCRIPTION
Pagination xii, 520 p. :
Illustrations ill. ;
Size 24 cm.
650 ## - SUBJECT ADDED ENTRY--TOPICAL TERM
Topical term or geographic name as entry element Archaeology
General subdivision Methodology
9 (RLIN) 204675
Topical term or geographic name as entry element Archaeology
9 (RLIN) 204676
942 ## - ADDED ENTRY ELEMENTS (KOHA)
Source of classification or shelving scheme Dewey Decimal Classification
Koha item type Books
Holdings
Lost status Source of classification or shelving scheme Damaged status Not for loan Collection code Permanent Location Current Location Shelving location Date acquired Source of acquisition Total Checkouts Full call number Date last seen Copy number Koha item type
  Dewey Decimal Classification   Not For Loan Non-fiction Central Library, University of Rajshahi Central Library, University of Rajshahi Reading Room 09/12/2021 Asia Foundation   913 HEA 1959 09/04/2017 C-1 Books